000 00451nam a2200157 4500
001 132054
003 ES-MaACL
005 20230906194109.0
007 t|
008 070214s1919 sp r ||||1| spa d
100 1 _aRojas, Arístides.
_999040
245 1 0 _aCapítulos de la historia colonial de Venezuela /
_cArístides Rojas.
260 _aMadrid :
_b[s.n.],
_c1919 (
_fImp. Juan Pueyo)
300 _a237 p. ;
_c19 cm.
852 _aES-MaACL
_jF-8443
999 _c132054
_d132054